000
00281nam a22001337a 4500
008
170614b xxu||||| |||| 00| 0 eng d
020
_a
9780745316918
041
_a
eng
080
_a
94
100
_a
19
101
_a
SHP
245
_a
UNHOLY WARS
_c
COOLEY.J.K
942
_2
udc
_c
BK
999
_c
17286
_d
17286